000 00952cam a2200313 i 4500
001 60653
003 CO-BoRNBP
005 20260310143714.0
007 ta
008 231109r20232018ck a gr 000 j spa
020 _a9789585999718
040 _aCO-BoBN
_bspa
_erda
_cCO-BoBN
041 0 _aspa
043 _as-ck---
082 0 4 _aCo863.5
_223
084 _aC LOW3
100 1 _aLow, Amalia,
_d1965-,
_eautora
_962590
245 1 0 _aTito y Pepita /
_ctexto e ilustraciones, Amalia Low
250 _aPrimera edición, primera impresión
264 1 _aBogotá :
_bB de Block,
_c2018
264 3 _c2023
300 _a30 páginas sin numerar :
_bilustraciones a color ;
_c21 cm
336 _aTexto
_btxt
_2rdacontent
337 _aSin mediación
_bn
_2rdamedia
338 _aVolumen
_bnc
_2rdacarrier
650 1 4 _aCuentos infantiles colombianos
_ySiglo XXI
_2LEMB
_9965
942 _2ddc
_cBK
990 _a2023-9675
_bPenguin Random House Grupo Editorial
999 _c60653
_d60653